000 00505nam a2200181Ia 4500
999 _c903
_d903
003 OSt
005 20200914152139.0
008 190216s9999||||xx |||||||||||||| ||und||
020 _a9788187570684
040 _coclc
082 _a892.7
_bHUA/H
100 _aHuart, Clement
_94573
245 2 _aA History Of Arabic Literature /
_cClement Huart
260 _bGoodword Books,
_c2002.
_aNew Delhi:
300 _a478p
650 _aArabic
942 _cBK
_2ddc
_h892.7
_iHUA/H
_k892.7
_mHUA/H